| 000 | 02666nam a22003254 4500 | ||
|---|---|---|---|
| 999 |
_c107532 _d107532 |
||
| 001 | 107532 | ||
| 003 | DR-UNIBE | ||
| 005 | 20221111113442.0 | ||
| 007 | cr nn 008mamaa | ||
| 008 | 200901b2014 sp |||||s|||| 00| 0 spa d | ||
| 020 | _a9788429131048 | ||
| 040 |
_aBIBLIOTECA UNIBE _cBIBLIOTECA UNIBE |
||
| 041 | _aspa | ||
| 100 | 1 |
_aMattos, Aldo D. _939351 _eautor |
|
| 100 | 1 |
_aValderrama, Fernando _eautor _998265 |
|
| 245 | 1 | _aMétodos de planificación y control de obras : del diagrama de barras al BIM | |
| 260 |
_aBarcelona : _bReverté, _c2014. |
||
| 300 |
_a311 páginas : _bilustraciones |
||
| 490 |
_aManuales universitarios de edificación, _v4 |
||
| 500 | _aRecurso en línea: Disponible para miembros de UNIBE a través del portal web del CRAI: https://www.unibe.edu.do/biblioteca/libros-electronicos/ | ||
| 505 | _aCapítulo I La importancia de la planificación | Capítulo II Desviaciones en tiempo y coste | Capítulo III Ciclo de vida del proyecto | Capítulo IV La estructura de desglose de trabajo | Capítulo V Duración de las actividades | Capítulo VI Definición de las precedencias | Capítulo VII Construcción del diagrama de red | Capítulo VIII Fechas y holguras | Capítulo IX El diagrama de barras | Capítulo X El enfoque probabilista | Capítulo XI Curvas S | Capítulo XII Recursos | Capítulo XIII Aceleración | Capítulo XIV Planificación financiera y analítica | Capítulo XV Seguimiento | Capítulo XVI Programación | Capítulo XVII Diagramas de espacio-tiempo | Capítulo XVIII Método del valor ganado EVM | Capítulo XIX Cadena crítica CCPM | Capítulo XX El futuro de la planificación y el BIM | | ||
| 520 | _aEste libro propone un recorrido por los métodos de planificación de los que disponen los profesionales de la construcción, desde los tradicionales PERT y CPM hasta las últimas teorías.. La obra resulta ser un compendio de los fundamentos de la planificación, y combina las experiencias y especialidades de los autores en la creación y divulgación de herramientas de control del presupuesto, sistemas productivos, actividades, tareas, recursos y duraciones, revelando la importancia de la planificación de las obras en la conquista de la productividad. | ||
| 650 |
_aConstrucción _97903 _xPlanificación |
||
| 650 |
_aArquitectura _9139568 |
||
| 650 |
_aConstruccion _xPresupuestos _9139721 |
||
| 650 |
_aGestión de proyectos _9139722 |
||
| 655 | 4 |
_aRecurso electrónico _942681 |
|
| 856 | 4 | 0 | _uhttp://ezproxy.unibe.edu.do/login?url=https://search.ebscohost.com/login.aspx?direct=true&scope=site&db=nlebk&db=nlabk&AN=2449722 |
| 942 |
_2ddc _cEB |
||